Prevención y teoría de la pena
Gorde:
| Egile nagusia: | |
|---|---|
| Formatua: | Liburua |
| Hizkuntza: | gaztelania |
| Argitaratua: |
Santiago
Jurídica ConoSur
1995
|
| Gaiak: | |
| Etiketak: |
Etiketa erantsi
Etiketarik gabe, Izan zaitez lehena erregistro honi etiketa jartzen!
|
MARC
| LEADER | 00000nam a2200000 a 4500 | ||
|---|---|---|---|
| 001 | UCZ1900 | ||
| 003 | CL-VaPUC | ||
| 008 | 950914e19950000CL |||||||||||||||||spa|d | ||
| 082 | 0 | 4 | |a 345 |b BUS |2 21 |
| 100 | |a Bustos Ramírez, Juan |e author |9 295262 | ||
| 245 | 1 | 0 | |a Prevención y teoría de la pena |
| 300 | |a 236 p | ||
| 942 | |c BK | ||
| 945 | |d 19950914 00:00:00 |a awong | ||
| 260 | |a Santiago |b Jurídica ConoSur |c 1995 | ||
| 650 | 0 | |a Penas |9 255927 | |
| 650 | 7 | |a DERECHO PENAL |2 CL-VaPUC |9 11 | |
| 583 | |a last modification |c 19950914 00:00:00 |k Rodrigo Vera | ||
| 999 | |c 238577 |d 238575 | ||
| 952 | |0 0 |1 0 |4 0 |6 345_000000000000000_BUS_1995 |7 0 |8 A |9 248854 |a BIBDER |b BIBDER |d 2019-11-18 |i 3131688 |o 345 BUS 1995 |p 3131688 |r 2023-01-25 |w 2019-11-18 |y BK |k DER | ||